[Event "Haarlem Masters"]
[Site "Haarlem"]
[Date "2017.10.28"]
[Round "8"]
[White "Willemze, Thomas"]
[Black "De Jager, Jaap"]
[Result "1/2-1/2"]
[WhiteElo "2409"]
[BlackElo "2423"]
[PlyCount "100"]
[EventDate "2017.10.21"]
[EventType "tourn"]
[EventRounds "9"]
[EventCountry "NED"]
[EventCategory "4"]
[SourceTitle "CBM 181 Extra"]
[Source "ChessBase"]
[SourceDate "2017.12.12"]
[SourceVersion "1"]
[SourceVersionDate "2017.12.12"]
[SourceQuality "1"]

1. e4 Nf6 2. e5 Nd5 3. d4 d6 4. Nf3 dxe5 5. Nxe5 c6 6. Bc4 Nd7 7. Nf3 N7f6 8. h3 Bf5 9. 0-0 e6 10. Bb3 h6 11. c4 Nc7 12. Nc3 Bd6 13. Qe2 0-0 14. Be3 Ne4 15. Rad1 Nxc3 16. bxc3 Qf6 17. c5 Be7 18. c4 Rfd8 19. Bf4 Rac8 20. Qe3 b6 21. g4 Bh7 22. Ne5 bxc5 23. Nxc6 cxd4 24. Rxd4 Rxd4 25. Be5 Rxg4+ 26. hxg4 Qg5 27. Qxg5 Bxg5 28. f4 Ne8 29. Nxa7 Ra8 30. fxg5 Rxa7 31. gxh6 gxh6 32. c5 Be4 33. Rd1 Bd5 34. Kf2 f6 35. Bf4 Kg7 36. Rd3 Kg6 37. Rxd5 exd5 38. Ke3 f5 39. Bc2 Rxa2 40. Bxf5+ Kf6 41. Bxh6 Nc7 42. Bd7 Ne6 43. c6 Rc2 44. Kd3 Rc4 45. Be3 Nd8 46. g5+ Kg7 47. Bd4+ Rxd4+ 48. Kxd4 Nxc6+ 49. Bxc6 Kg6 50. Bxd5 Kxg5 1/2-1/2

[Event "NED-chT 1718"]
[Site "Netherlands"]
[Date "2017.09.23"]
[Round "2.3"]
[White "Admiraal, Miguoel"]
[Black "Willemze, Thomas"]
[Result "1-0"]
[WhiteElo "2448"]
[BlackElo "2416"]
[PlyCount "131"]
[EventDate "2017.09.16"]
[EventType "team-tourn"]
[EventRounds "9"]
[EventCountry "NED"]
[SourceTitle "EXT 2019"]
[Source "ChessBase"]
[SourceDate "2018.10.10"]
[SourceVersion "1"]
[SourceVersionDate "2018.10.10"]
[SourceQuality "1"]
[WhiteTeam "Kennemer Combinatie"]
[BlackTeam "BSG"]
[WhiteTeamCountry "NED"]
[BlackTeamCountry "NED"]

1. d4 c5 2. d5 Nf6 3. Nc3 g6 4. e4 d6 5. Bb5+ Bd7 6. a4 Bg7 7. Nf3 0-0 8. 0-0 Na6 9. Re1 Nc7 10. Bc4 a6 11. e5 dxe5 12. Nxe5 Be8 13. a5 Nb5 14. Bd2 Nd4 15. Nd3 Rc8 16. Be3 Nd7 17. Bg5 f6 18. Be3 Bf7 19. Na4 Nf5 20. Bxc5 Nxc5 21. Naxc5 Nd6 22. Bb3 f5 23. c3 f4 24. Ra4 Bh6 25. Ne6 Bxe6 26. Rxe6 Kh8 27. c4 Nf5 28. c5 f3 29. g3 Bg7 30. Ree4 Qd7 31. d6 exd6 32. Be6 Qb5 33. Bxc8 Rxc8 34. Qxf3 dxc5 35. Ra1 Nd4 36. Qg4 Rf8 37. Rd1 Qb3 38. Rf4 Re8 39. Kg2 Qd5+ 40. Kh3 Ne2 41. Rc4 Bd4 42. Rc2 Re4 43. f4 Ng1+ 44. Rxg1 Bxg1 45. Nxc5 Bxc5 46. Qc8+ Kg7 47. Rxc5 Qd6 48. Qxb7+ Re7 49. Qd5 Qxd5 50. Rxd5 Rb7 51. Rd6 Rxb2 52. Rxa6 h5 53. Rb6 Ra2 54. a6 Kf7 55. Rc6 Kg7 56. Rb6 Kf7 57. Kh4 Kg7 58. h3 Ra4 59. g4 Ra5 60. f5 gxf5 61. g5 Ra3 62. Rf6 Rf3 63. a7 Ra3 64. Rxf5 Rxa7 65. Kxh5 Ra4 66. Rb5 1-0